00728nam a22001937a 4500999001900000005001700019010001300036020002600049035001300075037002400088082000600112245006700118260003300185270006600218300003200284490004600316942002400362952014800386 c169167d16916720191107141601.0 aB-730877 a9788181533319c60.00  aB-730877 adplbRainbow Books  aS aRainbow Illustrated book of questions and answers: Universe /  aDelhi bRainbow Books c2018 aF-32, Street No.12, Parwana Road, Jagat Puri,bDelhi e110051 a16p.c29cm (pbk)bcol. ill. aIllustrated book of questions and answers 2ddccCHh523.1mRAI 001040708NFICaMPbMPd2019-11-07eGift/ Eng (Ch.) /31.10.2019g60.00l0o523.1 RAIpB-730877r2019-11-07 00:00:00t1v60.00w2019-11-07yCH